000 00690nam a22002171i 4500
001 35958
003 BD-RjUL
005 20211209052417.0
008 140612s1957 enk 00010 eng d
035 _a(BD-RjUL)36055
040 _aDLC
_beng
_cDLC
_dBD-RjUL
041 _aeng
082 0 4 _223
_a155.518924
_bHOA 1957
110 2 0 _aHome and School Council of Great Britain.
_9109467
245 1 0 _aAdvances in understanding the adolescent /
_cHome and School Council of Great Britain.
250 _a9th ed.
260 _aLondon :
_bThe Home and School Council of the english education fellowship,
_c1957.
300 _a120 p. ;
_c23 cm.
650 0 _aAdolescence.
_9109466
942 _2ddc
_cBK
999 _c35958
_d35958